|
|
|
|
| LEADER |
00000nab a2200000 ar4500 |
| 001 |
vtls010690486 |
| 003 |
SK-MaSNL |
| 005 |
20260303231134.0 |
| 008 |
171109c2015 xo dr|p|||||||000 b|slo |
| 038 |
|
|
|a PPPK
|
| 040 |
|
|
|a PPPKCL
|b slo
|c PPPKCL
|e AACR2
|
| 041 |
0 |
|
|a slo
|
| 044 |
|
|
|a xo
|c SK
|
| 080 |
|
|
|a 32-051
|x (437.6)
|2 2001
|
| 100 |
1 |
|
|a Sliz, Martin
|4 aut
|9 160046
|
| 245 |
1 |
0 |
|a Rozlietaný Kiska: do rodného mesta aj za Atlantik
|c Stranu pripravili: Martin Sliz, Michaela Kušnírová; Infografika: HN/M. Záborský
|
| 300 |
|
|
|b Graf.
|
| 600 |
1 |
7 |
|a Kiska, Andrej,
|d 1963-
|2 pppkcl
|9 116882
|
| 610 |
1 |
7 |
|a Slovensko.
|b Prezident (2014-2019 : Kiska)
|2 pppkcl
|9 56156
|
| 650 |
0 |
7 |
|a prezidenti
|2 pppkcl
|9 4128
|
| 650 |
0 |
7 |
|a pracovné návštevy
|2 pppkcl
|9 69996
|
| 650 |
0 |
7 |
|a rodáci
|2 snkbucl
|9 30842
|
| 651 |
|
7 |
|a Poprad (Slovensko)
|2 pppkcl
|9 20155
|
| 700 |
1 |
|
|a Kušnírová, Michaela
|4 aut
|9 1085787
|
| 700 |
1 |
|
|a Záborský, M.
|4 pht
|9 1265859
|
| 773 |
0 |
|
|t Hospodárske noviny : obsah rozhoduje
|g Roč. 22, č. 112 (2015), s. 2
|x 1335-4701
|
| 852 |
|
|
|a PPPK
|b KIS3GCP
|
| 999 |
|
|
|c 2265421
|d 2267351
|